Ville(s) historique(s) mythique(s) dans Leyendas de Guatemala (1930) et Viernes de Dolores (1972) de Miguel Ángel Asturias = Villas: ciudades históricas míticas en leyendas de Guatemala /

שמור ב:
מידע ביבליוגרפי
מחבר ראשי: Barrientos Tecún, Dante
פורמט: לא ידוע
שפה:French
נושאים:
תגים: הוספת תג
אין תגיות, היה/י הראשונ/ה לתייג את הרשומה!

MARC

LEADER 000000000a22000000004500
001 010618
041 0 |a fre 
100 1 |a Barrientos Tecún, Dante 
245 0 0 |a Ville(s) historique(s) mythique(s) dans Leyendas de Guatemala (1930) et Viernes de Dolores (1972) de Miguel Ángel Asturias =   |b Villas: ciudades históricas míticas en leyendas de Guatemala /   |c Dante Barrientos Tecún. 
246 3 1 |a Villas: ciudades históricas míticas en leyendas de Guatemala 
650 4 |a LITERATURA GUATEMALTECA 
650 4 |a LEYENDAS 
650 4 |a ASTURIAS, MIGUEL ANGEL, (1899-1974) 
650 4 |a CRITICAS 
773 0 |x 0180-684X  |d Paris : Université de Provence (Aix-Marseille 1)  |t Cahiers d'études romanes  |g número 8 (2003), páginas 97-108 
942 |c ARC 
999 |c 17492  |d 17492